Normal view
MARC view
- Zabihian, Farshid
Entry Personal Name
001 - CONTROL NUMBER
- control field: 112442
003 - CONTROL NUMBER IDENTIFIER
- control field: NUST
005 - DATE AND TIME OF LATEST TRANSACTION
- control field: 20230518114336.0
008 - FIXED-LENGTH DATA ELEMENTS
- fixed length control field: 230518|| aca||aabn | a|a d
040 ## - CATALOGING SOURCE
- Original cataloging agency: NUST
- Transcribing agency: NUST
100 ## - HEADING--PERSONAL NAME
- Personal name: Zabihian, Farshid
670 ## - SOURCE DATA FOUND
- Source citation: Work cat.: (NUST): Zabihian, Farshid , Power Plant Engineering, 2021.
